000 00220nam a22000857a 4500
008 161115b xxu||||| |||| 00| 0 eng d
100 _91219
_aLal. A
245 _aWhat a mix - up
260 _aNew delhi
_bNational book trust
_c2007
999 _c3910
_d3910